000 00780nam a22002417a 4500
003 OSt
005 20260306034655.0
008 260306b |||||||| |||| 00| 0 eng d
020 _a978-621-418-425-6
040 _aDWCL-Main lib
_cOC
082 _aFil. 500 S416 2026
100 _aLegaspi, Gideon A.
245 _aScience technology and society
_cGideon A. Legaspi
260 _aQuezon City, Philippines:
_bWiseman's Books Trading, Inc.,
_cc2026.
300 _av, 239 pages:
_billustrations;
_c23 cm.
504 _aIncludes bibliographical references.
650 _a1. Science--Social aspects.
650 _a2. Technology--Social aspects.
700 _aLani C. Antonio
700 _aMa. Jeanette U. Obias
700 _aLucy A. Magleo
942 _2ddc
_cBK - FIL
_kFil.
_n0
999 _c8682
_d8682